000 00436 a2200157 4500
999 _c28883
_d28883
003 NUST
005 20180117151313.0
008 180117b xxu||||| |||| 00| 0 eng d
020 _a1584883472
020 _a9781584883470
040 _cNUST
082 0 4 _a510.3
100 1 _aWeisstein, Eric W.
_98569
245 1 0 _aCrc concise encyclopedia of mathematics, second edition /
_cEric W. Weisstein.
250 _a2nd ed.
260 _a[S.l.] :
_bChapman and Hall/CRC,
_c2002.
300 _a3252 p. ;
_c29 cm.
942 _aSNS
_cBK
_k510.3 WEI
_2ddc